| 000 | 00762nam a2200241 a 4500 | ||
|---|---|---|---|
| 001 | 1887290 | ||
| 003 | ARRUPE | ||
| 005 | 20140617114246.0 | ||
| 008 | 841126s1983 rh ac 000 0 eng | ||
| 010 | _a 83181359 | ||
| 020 | _a0869202561 | ||
| 040 |
_aDLC _cDLC _dDLC |
||
| 043 | _af-rh--- | ||
| 050 | 0 | 0 |
_aGV928.Z55 _bW56 1983 |
| 082 | 0 | 0 |
_a796.35/8/096891 _219 |
| 100 | 1 |
_aWinch, Jonty. _911003 |
|
| 245 | 1 | 0 |
_aCricket's rich heritage : _ba history of Rhodesian and Zimbabwean cricket, 1890-1982 / _cby Jonty Winch. |
| 260 |
_aBulawayo, Zimbabwe : _bBooks of Zimbabwe, _c1983. |
||
| 300 |
_a232 p. : _bill., ports. ; _c31 cm. |
||
| 650 | 0 |
_aCricket _zZimbabwe _xHistory. _911004 |
|
| 906 |
_a7 _bcbc _corignew _d3 _encip _f19 _gy-gencatlg |
||
| 942 |
_2lcc _cSPC |
||
| 999 |
_c120762 _d120762 |
||